<?xml version="1.0" encoding="UTF-8"?><?xml-stylesheet type="text/xsl" href="static/style.xsl"?><OAI-PMH xmlns="http://www.openarchives.org/OAI/2.0/" xmlns:xsi="http://www.w3.org/2001/XMLSchema-instance" xsi:schemaLocation="http://www.openarchives.org/OAI/2.0/ http://www.openarchives.org/OAI/2.0/OAI-PMH.xsd"><responseDate>2026-04-14T19:28:00Z</responseDate><request verb="GetRecord" identifier="oai:uvadoc.uva.es:10324/2976" metadataPrefix="marc">https://uvadoc.uva.es/oai/request</request><GetRecord><record><header><identifier>oai:uvadoc.uva.es:10324/2976</identifier><datestamp>2025-02-17T13:07:51Z</datestamp><setSpec>com_10324_38</setSpec><setSpec>col_10324_785</setSpec></header><metadata><record xmlns="http://www.loc.gov/MARC21/slim" xmlns:doc="http://www.lyncode.com/xoai" xmlns:xsi="http://www.w3.org/2001/XMLSchema-instance" xmlns:dcterms="http://purl.org/dc/terms/" xsi:schemaLocation="http://www.loc.gov/MARC21/slim http://www.loc.gov/standards/marcxml/schema/MARC21slim.xsd">
<leader>00925njm 22002777a 4500</leader>
<datafield tag="042" ind1=" " ind2=" ">
<subfield code="a">dc</subfield>
</datafield>
<datafield tag="720" ind1=" " ind2=" ">
<subfield code="a">Bernabé Arévalo, Miguel</subfield>
<subfield code="e">author</subfield>
</datafield>
<datafield tag="260" ind1=" " ind2=" ">
<subfield code="c">2013</subfield>
</datafield>
<datafield tag="520" ind1=" " ind2=" ">
<subfield code="a">El presente proyecto nace de la propia iniciativa del proyectista con la voluntad de&#xd;
diseñar una nave industrial, destinada al despiece de canales de cerdo blanco y&#xd;
posterior elaboración de productos elaborados procedentes de la carne de porcino.&#xd;
Se ha optado por el diseño de una nave industrial de producto porcino debido a la&#xd;
gran cantidad de cabezas de ganado porcino que existe en nuestro país, además del&#xd;
propio interés del proyectista ya que ha trabajado en este sector.</subfield>
</datafield>
<datafield tag="024" ind2=" " ind1="8">
<subfield code="a">http://uvadoc.uva.es/handle/10324/2976</subfield>
</datafield>
<datafield ind1=" " ind2=" " tag="653">
<subfield code="a">Industria cárnica</subfield>
</datafield>
<datafield tag="245" ind1="0" ind2="0">
<subfield code="a">Planta de elaboración de embutidos y salazones cárnicos curados</subfield>
</datafield>
</record></metadata></record></GetRecord></OAI-PMH>